000 00607nam a2200181Ia 4500
008 090124s9999 xx 000 0 und d
082 _b6277
_a1327
100 _aदेव शंकर श्री.
245 _a श्री समर्थ चरित्र खंड 2
250 _a1
260 _c1942
300 _a589
600 _aदेव शंकर श्री.
630 _a श्री समर्थ चरित्र खंड 2
700 _aदेव शंकर श्री.
730 _a श्री समर्थ चरित्र खंड 2
942 _cBOOK
999 _c120218
_d120218